Riri nirio Ibuku riria itheru ria Ngai riitagwo Kirikaniro kiria gia tene na Kirikaniro kiria kieru (Record no. 39665)
[ view plain ]
| 000 -LEADER | |
|---|---|
| fixed length control field | 00720nam a22002291a 4500 |
| 003 - CONTROL NUMBER IDENTIFIER | |
| control field | NEGST |
| 005 - DATE AND TIME OF LATEST TRANSACTION | |
| control field | 20240102162251.0 |
| 008 - FIXED-LENGTH DATA ELEMENTS--GENERAL INFORMATION | |
| fixed length control field | 030714s1965 001 0 eng d |
| 020 ## - INTERNATIONAL STANDARD BOOK NUMBER | |
| International Standard Book Number | 996648051X |
| 020 ## - INTERNATIONAL STANDARD BOOK NUMBER | |
| International Standard Book Number | 9789966480514 |
| 040 ## - CATALOGING SOURCE | |
| Original cataloging agency | DLC |
| Transcribing agency | DLC |
| Modifying agency | DLC |
| 050 ## - LIBRARY OF CONGRESS CALL NUMBER | |
| Classification number | BS 325 |
| Item number | .K4916 1965 |
| 245 00 - TITLE STATEMENT | |
| Title | Riri nirio Ibuku riria itheru ria Ngai riitagwo Kirikaniro kiria gia tene na Kirikaniro kiria kieru |
| 260 ## - PUBLICATION, DISTRIBUTION, ETC. (IMPRINT) | |
| Place of publication, distribution, etc | Nairobi : |
| Name of publisher, distributor, etc | Bible Society of Kenya, |
| Date of publication, distribution, etc | 1965. |
| 300 ## - PHYSICAL DESCRIPTION | |
| Extent | 1424 p., [8] leaves of plates : |
| Other physical details | ill. ; 22 cm. |
| 500 ## - GENERAL NOTE | |
| General note | [Africana] |
| 590 ## - LOCAL NOTE (RLIN) | |
| Local note | Accession number: 30501 |
| 630 00 - SUBJECT ADDED ENTRY--UNIFORM TITLE | |
| Uniform title | Bible. |
| Language of a work | Gikuyu. |
| 9 (RLIN) | 55798 |
| 650 ## - SUBJECT ADDED ENTRY--TOPICAL TERM | |
| Topical term or geographic name as entry element | Gikuyu language |
| Form subdivision | Texts. |
| 9 (RLIN) | 55800 |
| 942 ## - ADDED ENTRY ELEMENTS (KOHA) | |
| Source of classification or shelving scheme | Library of Congress Classification |
| Koha item type | Africana collection ( Reference) |
| Withdrawn status | Lost status | Source of classification or shelving scheme | Damaged status | Not for loan | Collection code | Home library | Current library | Shelving location | Date acquired | Cost, normal purchase price | Full call number | Barcode | Date last seen | Copy number | Price effective from | Koha item type | Source of acquisition | Total Checkouts |
|---|---|---|---|---|---|---|---|---|---|---|---|---|---|---|---|---|---|---|
| Library of Congress Classification | Reference | AIU/NEGST - Tony Wilmot Memorial Library | AIU/NEGST - Tony Wilmot Memorial Library | Reference | 02/01/2010 | 10.00 | REF BS 325.K4916 1965 | R08758F3232 | 09/26/2019 | 1 | 02/01/2010 | Africana collection ( Reference) | ||||||
| Library of Congress Classification | Reference | AIU/NEGST - Tony Wilmot Memorial Library | AIU/NEGST - Tony Wilmot Memorial Library | Reference | 10/30/2023 | 9.09 | REF BS 325.K4916 1965 | T16888W3232 | 01/02/2024 | 2 | 01/02/2024 | Africana collection ( Reference) | Donation - Prof. Robert Priest |
